000 00356nam a2200133 i 4500
001 bg
100 1 _aJAŚKIEWICZ, Wacław
245 0 _aTypologiczna analiza wielowymiarowych układów wielkości tolerowanych /
_cW.Jaśkiewicz.
260 _aLublin,
_c1990.
040 _cBPK
041 _apol
942 _cKS
008 s pl f |000 0 pol
999 _c29522
_d29522
856 _uhttp://koha.tu.koszalin.pl/cgi-bin/koha/opac-detail.pl?biblionumber=29522
_yKatalog online BPK